Sports Quiz

Random Sports or NBA Quiz

HARD NBA QUIZ Stats

Quiz not verified by Sporcle

Challenge
Share
Tweet
Embed
Score 0/10 Timer 10:00
0 Plays Today
Question Answer Wrong Answers
I dominated in college and ended up having a nice three point shot. I played for the kings before I have a career high of 24 and had a career prone to hate and being a bust. I was drafted in the top ten and proven myself in college. Who am I? Jimmer Fredette
77.7%
Adam Morrison
5.7%
Greg Oden
9.1%
Matthew Dellavedova
5.3%
I am REALLY tall for the average basketball center. I was born outside of the USA but came to dominate with my huge size. My career was cut short because of injury. Playing with a team with red jersey and the same number as Yogi F. Who am I? Yao Ming
77.3%
George Muresan
19.3%
Klay Thompson
0.4%
Tim Duncan
1.1%
I have won rookie of the year and lead the NBA in scoring, along with sitting behind a hard earned MVP. I am part of the 50-40-90 club along with my all-star teammate. Kevin Durant
65.5%
Derrick Rose
8.3%
Dirk Nowitzki
11.4%
Kobe Bryant
14.8%
I am known as an amazing ball hog that has a knack for draining tough shots. I have played on both the nuggets and the Knicks and has worn an even number before. I was born in New Jersey and is sometimes clutch other times not. Who am I? J.r. smith
56.8%
Danilo Gallinari
2.7%
Carmelo Anthony
37.5%
Iman Shumpert
1.1%
I was drafted thirteenth overall and commit to my drafted team. I have stayed there my whole career (current or historic). I am a great scorer with a nice three point shot. I have had an above 55 point game and was on the all rookie team. Who am I? Devin Booker
53.4%
Kobe Bryant
27.3%
Manu Ginobilli
12.5%
John Wall
4.5%
I was drafted by the Minnesota Timberwolves and had played for four different teams. I have won a gold metal with great talent around me and can say that my three point shot is amazing. I am known to be clutch in college and the NBA. Who am I? Ray Allen
53%
Christian Laettner
28.8%
Kevin Garnett
17%
Paul George
1.1%
I am from Wake forest college and play at an elite level. I have made both the all defensive first team and the second team and wear an odd number. I was born in may and drafted in the first round. Who am I? Chris Paul
52.3%
Paul George
9.8%
Isiah Thomas
1.5%
Tim Duncan
33.7%
I have played or am playing the position of power forward for the hawks along with my valiant attempt in the playoffs. I was drafted in the first round and I still play today. I have made the all rookie teams and was on a defensive team. Who am I? Josh Smith
33.3%
Rasheed Wallace
4.9%
James Posey
7.2%
Paul Millsap
51.9%
I am a defensive minded beast that has played or is playing in Texas. I have won the title before with an all time great by my side helping me. I was picked in the top thirteen and can brag about my title of defensive player of the year. Who am I? Tyson Chandler
31.4%
Marc Gasol
2.7%
Dwight Howard
8.3%
Kawhi Leonard
56.4%
I was great in college and great in the NBA. Ultimately at the beginning of my career I had an injury that never let me restore my athleticism. I was the first pick in the draft and wore or wears 25. I was drafted in June. Who am I? Danny Manning
11.4%
Derrick Rose
50%
Greg Oden
25.8%
Shaun Livingston
9.8%

You're not logged in!

Compare scores with friends on all Sporcle quizzes.
Sign Up with Email
OR
Log In

You Might Also Like...

Show Comments

Extras

Top Quizzes Today


Score Distribution

Your Account Isn't Verified!

In order to create a playlist on Sporcle, you need to verify the email address you used during registration. Go to your Sporcle Settings to finish the process.